Selling the sizzle : (Record no. 347344)
[ view plain ]
| 000 -LEADER | |
|---|---|
| fixed length control field | 00700 a2200169 4500 |
| 020 ## - INTERNATIONAL STANDARD BOOK NUMBER | |
| International Standard Book Number | 0968840019 (paperback) |
| 020 ## - INTERNATIONAL STANDARD BOOK NUMBER | |
| International Standard Book Number | 9780968840016 (paperback) |
| 082 04 - DEWEY DECIMAL CLASSIFICATION NUMBER | |
| Classification number | 380 |
| 090 ## - LOCALLY ASSIGNED LC-TYPE CALL NUMBER (OCLC); LOCAL CALL NUMBER (RLIN) | |
| -- | 4914 |
| -- | 4914 |
| 100 1# - MAIN ENTRY--PERSONAL NAME | |
| Personal name | Avrich, Barry. |
| 245 10 - TITLE STATEMENT | |
| Title | Selling the sizzle : |
| Remainder of title | the magic and logic of entertainment marketing / |
| Statement of responsibility, etc. | Barry Avrich. |
| 260 ## - PUBLICATION, DISTRIBUTION, ETC. | |
| Place of publication, distribution, etc. | [S.l.] : |
| Name of publisher, distributor, etc. | Maxworks Publishing Group, |
| Date of publication, distribution, etc. | 2002. |
| 300 ## - PHYSICAL DESCRIPTION | |
| Extent | 178 p. ; |
| Dimensions | 24 cm. |
| 520 ## - SUMMARY, ETC. | |
| Summary, etc. | Sensational marketing book for all entertainment, event and sponsorship projects supported by some of the top professionals in the industry. |
| 856 40 - ELECTRONIC LOCATION AND ACCESS | |
| Materials specified | Amazon.com |
| Uniform Resource Identifier | <a href="http://www.amazon.com/exec/obidos/ASIN/0968840019/chopaconline-20">http://www.amazon.com/exec/obidos/ASIN/0968840019/chopaconline-20</a> |
| 942 ## - ADDED ENTRY ELEMENTS (KOHA) | |
| Institution code [OBSOLETE] | NBS |
| Koha item type | Book |
| Call number prefix | 791.0688 AVR |
| Withdrawn status | Lost status | Damaged status | Not for loan | Permanent Location | Current Location | Date acquired | Total Checkouts | Full call number | Barcode | Date last seen | Date last checked out | Price effective from | Koha item type |
|---|---|---|---|---|---|---|---|---|---|---|---|---|---|
| Central Library (CL) | Central Library (CL) | 08/28/2013 | 1 | 791.0688 AVR | NBS5570 | 03/12/2026 | 02/01/2026 | 08/28/2013 | Book |
